000 00792cam a2200277 u 4500
003 UPN
005 20240228064341.0
008 190812s2007 mx ao ar 000 j spa d
020 _a9789685389532
035 _aUPN01000231939
040 _aMX-MxUPN
_bspa
_cMX-MxUPN
049 _aI
050 4 _aPZ78
_bZ47 2007
100 1 _aZepeda, Monique
_932349
245 1 0 _aUna vez, un bosque
250 _aPrimera edición
260 _aMéxico :
_bEl Naranjo,
_c2007.
300 _a[28] hojas :
_bilustraciones a color
650 2 _aBosques
_vLiteratura infantil
_917158
650 4 _aLibros y lectura para niños
_92290
700 1 _947186
_aFernández, Marisol
_eilustradora
902 _bVíctorGodínez/251022/M
905 _aInfantil
942 _2lcc
_cLIBRO
999 _c204034
_d204034